IT podpora Basel II : nutnost, nebo příležitost k vyšší efektivitě ?
Pravidlá Basel II - súbor doporučení v oblasti riadenia bankových rizík dohodnutý na medzinárodnej úrovni a podporený doporučením Európskej komisie. Tri základné požiadavky na banky. Ako Basel II ovplyvní bankové procesy. Požiadavky na IT nástroje. Basel II vo svete a v ČR.
Salvato in:
| Autore principale: | |
|---|---|
| Natura: | Capitolo di libro |
| Lingua: | ceco |
| Soggetti: | |
| Tags: |
Nessun Tag, puoi essere il primo ad aggiungerne!!
|
MARC
| LEADER | 00000naa$a2200000$$$4500 | ||
|---|---|---|---|
| 001 | 0035470 | ||
| 005 | 20231010085530.6 | ||
| 041 | 0 | |a cze | |
| 044 | |a CZ | ||
| 245 | 1 | 0 | |a IT podpora Basel II : nutnost, nebo příležitost k vyšší efektivitě ? |c Petr Železník |
| 520 | |a Pravidlá Basel II - súbor doporučení v oblasti riadenia bankových rizík dohodnutý na medzinárodnej úrovni a podporený doporučením Európskej komisie. Tri základné požiadavky na banky. Ako Basel II ovplyvní bankové procesy. Požiadavky na IT nástroje. Basel II vo svete a v ČR. | ||
| 610 | 2 | 0 | |a banky |
| 610 | 2 | 0 | |a riadenie procesné |
| 610 | 2 | 0 | |a riziko bankové |
| 610 | 2 | 0 | |a Basel II |
| 610 | 2 | 0 | |a technológie informačné |
| 100 | 1 | |a Železník, Petr | |